How to fix almost everything /

Bibliographic Details
Main Author: Schuler, Stanley
Format: Book
Language:English
Subjects:

MARC

Tag First Indicator Second Indicator Subfields
LEADER 00000cam a22000001 4500
001 in00000095367
005 20150927150104.0
008 711228s1963 nyua 00000 eng
010 |a  63019655  
035 |a (OCoLC)00569227 
035 |9 AAL7250AM 
040 |a DLC  |c DLC  |d TXA  |d UtOrBLW 
049 |a TXAM  |c [637584] 
050 0 0 |a TT151  |b .S35 
082 0 |a 643.7 
100 1 |a Schuler, Stanley. 
245 1 0 |a How to fix almost everything /  |c Illus. by Sigman [and] Ward. 
264 2 |a New York :  |b M. Evans; distributed in association with Lippincott,  |c [1963] 
300 |a 192 pages :  |b illustrations ;  |c 22 cm. 
336 |a text  |b txt  |2 rdacontent 
337 |a unmediated  |b n  |2 rdamedia 
338 |a volume  |b nc  |2 rdacarrier 
650 0 |a Repairing  |v Amateurs' manuals. 
650 0 |a Dwellings  |x Maintenance and repair. 
999 |a MARS 
999 f f |s 3add7a48-49bf-3a55-a502-7e16b86fc4cc  |i 9e0841cb-715e-3eae-a653-7c5affab8605  |t 0 
952 f f |p ric  |a Texas A&M University  |b Rellis Campus  |c Joint Library Facility  |d Remote Storage  |t 0  |e TT151 .S35  |h Library of Congress classification  |i unmediated -- volume  |m A14805655912 
998 f f |a TT151 .S35  |t 0  |l Remote Storage